Selected speeches of the Commonwealth Secretary General, 1975-1979 (Record no. 80393)

MARC details
000 -LEADER
fixed length control field 00763nam a2200169 a 4500
008 - FIXED-LENGTH DATA ELEMENTS--GENERAL INFORMATION
fixed length control field 120416s0000 ||||||||||||||||| || u
020 ## - INTERNATIONAL STANDARD BOOK NUMBER
International Standard Book Number 0195612671
050 ## - LIBRARY OF CONGRESS CALL NUMBER
Classification number D 440 Ram
100 ## - MAIN ENTRY--PERSONAL NAME
Personal name Ramphal, Shridath
245 10 - TITLE STATEMENT
Title Selected speeches of the Commonwealth Secretary General, 1975-1979
246 ## -
-- one world to share
260 ## - PUBLICATION, DISTRIBUTION, ETC.
Place of publication, distribution, etc. Bombay
Name of publisher, distributor, etc. Oxford University Press
Date of publication, distribution, etc. 1979
300 ## - PHYSICAL DESCRIPTION
Extent xxxiv, 444p.
350 ## -
-- 0.00
995 ## -
-- ANNEX COLLECTION (Main Library)
-- 0.00
-- 701139
-- CBU-MAIN LIBRARY (Kitwe)
-- 2
-- 9.99
-- D 440 Ram
-- 2
-- AVAILABLE
-- Jun 23, 2006
-- 000565
-- Annex Low-Usage Collection
995 ## -
-- ANNEX COLLECTION (Main Library)
-- 0.00
-- 701138
-- CBU-MAIN LIBRARY (Kitwe)
-- 1
-- 9.99
-- D 440 Ram
-- 1
-- AVAILABLE
-- Jun 22, 2006
-- 000564
-- Annex Low-Usage Collection
999 ## -
-- 80393
-- 80393
Holdings
Withdrawn status Lost status Source of classification or shelving scheme Damaged status Not for loan Permanent Location Current Location Shelving location Date acquired Total Checkouts Full call number Barcode Date last seen Copy number Price effective from Koha item type
          CBU-MAIN LIBRARY, KITWE. CBU-MAIN LIBRARY, KITWE.   06/29/2023   D 440 Ram 000565 06/29/2023 1 06/29/2023 MONOGRAPH
          CBU-MAIN LIBRARY, KITWE. CBU-MAIN LIBRARY, KITWE.   06/29/2023   D 440 Ram 000564 06/29/2023 2 06/29/2023 MONOGRAPH